000 00278nam a22001097a 4500
008 170113b xxu||||| |||| 00| 0 eng d
020 _a9781111543273
041 _aeng
080 _27TH
_a618.2
245 _aMEDICAL TERMINOLOGY FOR HEALTH PROFESSIONS
_cEHRLICH, A
942 _2udc
_cBK
999 _c2889
_d2889